Introduction to mathematical statistics

Αποθηκεύτηκε σε:
Λεπτομέρειες βιβλιογραφικής εγγραφής
Κύριος συγγραφέας: Hogg, Robert V.
Άλλοι συγγραφείς: Craig, A. T. (Allen Thornton), 1905-
Μορφή: Βιβλίο
Γλώσσα:English
Δημοσίευση: London : Macmillan, c1970
Έκδοση:3rd ed.
Θέματα:
Ετικέτες: Προσθήκη ετικέτας
Δεν υπάρχουν, Καταχωρήστε ετικέτα πρώτοι!

MARC

LEADER 00000cam a2200000 i 4500
001 1/6715
008 000616s1970 eng d
035 |l 10062030 
040 |a GR-MY-UA  |b gre  |e aacr 
041 0 |a eng 
082 0 |a 519.5 
100 1 |a Hogg, Robert V. 
245 1 0 |a Introduction to mathematical statistics /  |c Robert V. Hogg, Allen T. Craig 
250 |a 3rd ed. 
260 |a London :   |b Macmillan,   |c c1970 
300 |a x, 415 σ.;  |b πίν.;  |c 24 εκ. 
504 |a Βιβλιογραφία: σ. 395-397 
504 |a Ευρετήριο: σ. 411-415 
650 0 0 |a Mathematical statistics. 
700 1 |a Craig, A. T.   |q (Allen Thornton),   |d 1905- 
852 |a INST  |b LESVOS  |e 20000616  |h 519.5 HOG  |p 005100020945  |q 005100020945  |t BK  |y 0 
909 |a Λ  |b 072904 
970 |z 2000/06/ΟΙΚΟΝΟΜΟΠΟΥΛΟΥ ΧΡΙΣΤΙΝΑ